| 000 | 00637nam a2200205 a 4500 | ||
|---|---|---|---|
| 005 | 20240316063803.0 | ||
| 008 | 070306s2002 mx r 000 0 spa d | ||
| 020 | _a8495897016 | ||
| 035 | _aUPN01000149690 | ||
| 049 | _aCG | ||
| 050 | 4 |
_aB809.8 _bA4.6 |
|
| 100 | 1 |
_aAlthusser, Louis, _d1918-1990 _928535 |
|
| 245 | 1 | 0 |
_aPara un materialismo aleatorio / _cLouis Althusser ; ed. de Pedro Fernández Liria. |
| 260 |
_aMadrid : _bArena libros, _c2002. |
||
| 300 | _a125 p. | ||
| 440 | 0 |
_aArena libros ; _v7 |
|
| 650 | 4 |
_aMATERIALISMO DIALECTICO - _vDISCURSOS, ENSAYOS, CONFERENCIAS, ETC. |
|
| 650 | 4 |
_aFilosofĂa _95327 |
|
| 905 | _aLibro | ||
| 999 |
_c121831 _d121831 |
||